College Quizbowl Stats
College Quizbowl Stats
Circuits
Seasons
Sets
Records
Detailed Stats
About
Loading...
South Central
Tossups
Bonuses
Players
Teams
Categories (Tossup)
Categories (Bonus)
Charles Johnson
Texas A&M A
Categories
Category
Powers
Gets
Negs
BBs
Points
Earliest Buzz
Avg. Buzz
First Buzzes
Top 3 Buzzes
BPA
PVF
Science - Physics
0
2
0
0
20
83
98.50
0
2
0.00
0.00
Fine Arts - Classical Music
0
1
0
1
10
124
124.00
1
1
0.00
0.00
Science - Other
0
1
0
0
10
110
110.00
1
1
0.00
0.00
Science - Biology
0
0
1
0
-5
0.00
0
0
0.00
0.00
Buzzes
Category
Answer
Value
Buzz Position
Science - Physics
decibels
10
83
Science - Biology
teeth
-5
91
Science - Other
cleanrooms
10
110
Science - Physics
thermal insulation
10
114
Science - Physics
transport
0
120
Fine Arts - Classical Music
trombone
10
124
Science - Other
relativistic particles
0
132
Science - Physics
optical cavities
0
135
Previous
1
Next